000 00558nam a2200169 i 4500
001 61236
003 ES-MaACL
005 20230906164416.0
007 t|
008 031111s1932 sp ||||1| spa d
245 0 0 _aEstatuto de Galicia
_b: anteproyecto formado por la comisión nombrada en la Asamblea gallega el día 3 de julio de 1932.
260 _aSantiago de Compostela :
_bEl Eco,
_c1932.
300 _a30 p. ;
_c24 cm.
500 _aPrecede al tít.: Autonomía gallega.
650 4 _aNacionalismo-
_zGalicia.
_915455
852 _aES-MaACL
_j1761-F-11
999 _c61236
_d61236